| 000 | 01992nam a2200385 a 4500 | ||
|---|---|---|---|
| 001 | |||
| 003 | OSt | ||
| 005 | 20211020074539.0 | ||
| 008 | 090707s2020 dr c 001 0 spa d | ||
| 020 | _a9789945613391 | ||
| 040 |
_aDO-SdBNP _bspa _cBPMSU |
||
| 049 | _a | ||
| 082 | 4 |
_a972.93054 _bS942m 2020 _222 |
|
| 240 |
_aThe events of 1965 in the Dominican Republic. Documents from the United Kingdom´s National Archives _lEspañol |
||
| 245 | 1 | 0 |
_aLos sucesos 1965 : _b en República Dominicana según los archivos ingleses : documentos de los archivos nacionales del Reino Unido / _cpresentación Steven Fisher ; traducción Lisa Marra; edición Kary Alba Rocha |
| 260 |
_aSanto Domingo : _bArchivo General de la Nación ; _bSociedad Dominicana de Bibliófilos, _c2020 |
||
| 300 |
_a434 p. ; _c23 cm. |
||
| 490 | 0 |
_aArchivo General de la Nación ; _aSociedad Dominicana de Bibliófilos, _v375/37 |
|
| 500 | _aIncluye referencias bibliográficas y notas al pie de las páginas | ||
| 500 | _aIncluye índice onomástico | ||
| 505 | 0 |
_aIntroducción a la primera edición en español / _rBernardo Vega _tPrólogo I a la Presentación a la primera edición en inglés / _rSteven Fischer _tPrólogo II a la primera edición en inglés / _rChris Campbell _tDocumentos de los archivos nacionales del Reino Unido |
|
| 590 | _aInventariado, 2021/VM | ||
| 600 | 1 | 4 |
_aCampbell, Stafford _v Archivos |
| 651 | 4 |
_aRepública Dominicana _xHistoria _y1965 _vFuentes |
|
| 651 | 4 |
_aRepública Dominicana _xPolítica y gobierno |
|
| 651 | 4 |
_aRepública Dominicana _xHistoria _yOcupación Norteamericana 1965-1966 _v |
|
| 700 |
_a Fisher, Steven _epresentación |
||
| 700 |
_aMarra, Lisa _etr. |
||
| 700 |
_aRocha, Kary Alba _eed. |
||
| 710 | _aArchivo General de la Nación (República Dominicana) | ||
| 710 | 2 | _aSociedad Dominicana de Bibliófilos | |
| 830 |
_aArchivo General de la Nación, _n375 _pSociedad Dominicana de Bibliófilos _n37 |
||
| 910 | _aVMateo V. | ||
| 942 |
_2ddc _cBK |
||
| 999 |
_c13809 _d13809 |
||